Aplicacin̤ prc̀tica del Impuesto al Valor Agregado 2016

Detalles Bibliográficos
Autor principal: Sǹchez Miranda, Arnulfo
Formato: Libro
Lenguaje:español
Publicado: Mx̌ico Ediciones Fiscales ISEF 2016
Materias:
Acceso en línea:Acceso restringido

MARC

LEADER 00000nam a22000007a 4500
005 20160202104413.0
007 cr|||| ||u|
008 160202s2016 mx ||||| |||| 00||0 spa d
020 |a 978-607-406-798-9 
035 |a 13066 
040 |a vLex  
090 |c 5877  |d 5877 
100 1 |a Sǹchez Miranda, Arnulfo 
245 1 0 |a Aplicacin̤ prc̀tica del Impuesto al Valor Agregado 2016  |h [Recurso electrn̤ico] /  |c 11ð edicin̤ 288 pg̀s.  
256 |a Servicio en ln̕ea  
260 |a Mx̌ico   |b Ediciones Fiscales ISEF  |c 2016 
300 |a 1 recurso electrn̤ico (11ð edicin̤ 288 pg̀s) 
506 1 |a Contenido solo disponible en los productos indicados   |d vLex Global  |d vLex Global (Academic Edition, excluding Law Schools)  |d vLex Global (U.S. Academic Edition, Law Schools)  |d vLex Global (U.S. Academic Edition, excluding Law Schools)  |d vLex Global (Academic Edition, Law Schools) 
650 0 4 |a Derecho  |z Mx̌ico 
740 0 |a vLex libros (servicio en ln̕ea)  
856 4 0 |u http://vlex.com/source/aplicacion-practica-impuesto-valor-agregado-2016-13066  |z Acceso restringido  
942 |c BOOK 
999 0 |a Law